The Appropriation of Divine Life in Cyril of Alexandria : (Record no. 604623)

MARC details
000 -LEADER
fixed length control field 00555nam a2200193 a 4500
008 - FIXED-LENGTH DATA ELEMENTS--GENERAL INFORMATION
fixed length control field 251224s2004##################000#0#eng##
020 ## - INTERNATIONAL STANDARD BOOK NUMBER
ISBN 9780199267132
082 04 - DEWEY DECIMAL CLASSIFICATION NUMBER
Classification number 234
Item number KEA
100 1# - MAIN ENTRY--AUTHOR NAME
Personal name Keating, Daniel A.,
245 10 - TITLE STATEMENT
Title The Appropriation of Divine Life in Cyril of Alexandria :
260 ## - PUBLICATION, DISTRIBUTION, ETC. (IMPRINT)
Name of publisher Oxford University Press, USA,
Year of publication 2004.
300 ## - PHYSICAL DESCRIPTION
Number of Pages 326 pages
650 #0 - SUBJECT ADDED ENTRY--TOPICAL TERM
Topical Term Biography & Autobiography.
942 ## - ADDED ENTRY ELEMENTS (KOHA)
Koha item type English Books
Holdings
Withdrawn status Lost status Damaged status Not for loan Home library Current library Shelving location Date acquired Full call number Accession Number Price effective from Koha item type
        Anna Centenary Library Anna Centenary Library 3RD FLOOR, B WING 26.12.2025 234 KEA 189664 26.12.2025 English Books

Find us on the map